<?xml version="1.0" encoding="UTF-8"?>
<record
    xmlns:xsi="http://www.w3.org/2001/XMLSchema-instance"
    xsi:schemaLocation="http://www.loc.gov/MARC21/slim http://www.loc.gov/standards/marcxml/schema/MARC21slim.xsd"
    xmlns="http://www.loc.gov/MARC21/slim">

  <leader>02006nam a22002177a 4500</leader>
  <controlfield tag="008">250321b        |||||||| |||| 00| 0 eng d</controlfield>
  <datafield tag="020" ind1=" " ind2=" ">
    <subfield code="a">9798218030957</subfield>
  </datafield>
  <datafield tag="040" ind1=" " ind2=" ">
    <subfield code="c">tbs</subfield>
  </datafield>
  <datafield tag="041" ind1=" " ind2=" ">
    <subfield code="a">eng</subfield>
  </datafield>
  <datafield tag="050" ind1=" " ind2=" ">
    <subfield code="a">HD9940</subfield>
    <subfield code="b">.A2 G73</subfield>
  </datafield>
  <datafield tag="100" ind1=" " ind2=" ">
    <subfield code="a">Grant, Shawnie</subfield>
    <subfield code="9">24991</subfield>
    <subfield code="e">author</subfield>
  </datafield>
  <datafield tag="245" ind1=" " ind2=" ">
    <subfield code="a">Fashion beyond borders</subfield>
    <subfield code="b">: exploring the global fashion industry</subfield>
    <subfield code="c">/ Shawnie Grant. </subfield>
  </datafield>
  <datafield tag="250" ind1=" " ind2=" ">
    <subfield code="a">First edition.</subfield>
  </datafield>
  <datafield tag="260" ind1=" " ind2=" ">
    <subfield code="a">[Place of publication not identified] : </subfield>
    <subfield code="b">[publisher not identified],</subfield>
    <subfield code="c">2018.</subfield>
  </datafield>
  <datafield tag="300" ind1=" " ind2=" ">
    <subfield code="a"> xii, 130 pages : </subfield>
    <subfield code="b">illustrations, portraits (color) ; </subfield>
    <subfield code="c">24 cm.</subfield>
  </datafield>
  <datafield tag="520" ind1=" " ind2=" ">
    <subfield code="a">Anyone who has ever tried to design a fashion brand is aware of how difficult it can be to make their fashion designs materialize. Each year, many fashion designers create fashion portfolios with hopes to produce and sell their fashion brand online or in a brick and mortar store. Finding out how to manufacture a fashion brand can be a grueling process when sourcing clothing and fabric factories abroad. Fashion Beyond Borders: Exploring The Global Fashion Industry course book provides the information and tools that you need to overcome these obstacles and successfully manufacture a fashion brand. This book includes; tips for creating a portfolio, the necessary steps to manufacturer a fashion brand, information on how-to start an eco friendly fashion brand, and ideas to prepare and coordinate a fashion show. You will also find job descriptions for career opportunities within the fashion industry, suggestions to market and advertise a fashion brand, as well as learn the pros and cons of starting an ecommerce or brick and mortar store. Includes fashion illustrations and technical drawings. This book is for students, entrepreneurs, industry professionals, and anyone that's interested in starting a fashion brand with an aim to manufacture in China. </subfield>
  </datafield>
  <datafield tag="650" ind1=" " ind2="0">
    <subfield code="a">Fashion merchandising</subfield>
    <subfield code="9">8540</subfield>
  </datafield>
  <datafield tag="650" ind1=" " ind2="0">
    <subfield code="a">Clothing trade</subfield>
    <subfield code="x">Marketing</subfield>
    <subfield code="9">24992</subfield>
  </datafield>
  <datafield tag="650" ind1=" " ind2="0">
    <subfield code="a">Clothing trade</subfield>
    <subfield code="x">Public relations</subfield>
    <subfield code="9">24993</subfield>
  </datafield>
  <datafield tag="942" ind1=" " ind2=" ">
    <subfield code="2">lcc</subfield>
  </datafield>
  <datafield tag="952" ind1=" " ind2=" ">
    <subfield code="0">0</subfield>
    <subfield code="1">0</subfield>
    <subfield code="2">lcc</subfield>
    <subfield code="4">0</subfield>
    <subfield code="7">0</subfield>
    <subfield code="a">TBS</subfield>
    <subfield code="b">TBS</subfield>
    <subfield code="d">2025-03-21</subfield>
    <subfield code="l">2</subfield>
    <subfield code="o">HD9940.A2 GRA</subfield>
    <subfield code="p">B05396</subfield>
    <subfield code="r">2026-05-15</subfield>
    <subfield code="s">2026-05-08</subfield>
    <subfield code="t">1</subfield>
    <subfield code="w">2025-03-21</subfield>
    <subfield code="y">1</subfield>
  </datafield>
  <datafield tag="999" ind1=" " ind2=" ">
    <subfield code="c">4566</subfield>
    <subfield code="d">4566</subfield>
  </datafield>
</record>
